00600nam a22001937a 450000500170000002000180001704100080003508200220004310000210006524500970008625000120018326000400019530000510023550400220028665000250030870000300033370000200036370000230038320260525145746.0 a9780070091245 aENG a338.6041 ROSbROS aRoss,Stephen A.  aCorporate finance/cStephen A Ross, Randolph W Westerfield , Jeffrey Jaffe, Ram Kumar Kakani a8th ed. aNew Delhi :bMc Graw Hill ,c2009 . axxxiv , 1105 pages :c24 cm .billustrations ; aInclude Indexes . aFinancial Management a Westerfield, Randolph W. a Jaffe, Jeffrey a Kakani, Ram Kumar